LEADER 01338nam a2200325 u 4500 001 000000041373 003 CaOOAMICUS 005 20070226114216.0 008 990128s1997 it u000 u ita u 020 $a8818702068 035 $a10812700 040 $aMSA$bita 041 1 $aita$ager 100 1 $aWeber, Max,$d1864-1920.$0(OLS)http://pul/name/4284 240 10$aWissenschaft als Beruf.$lItaliano.$0(OLS)http://pul/title/55844 245 13$aLa scienza come professione /$cMax Weber ; introduzione, traduzione, note e apparati di Paolo Volonté. 260 $aMilano :$bRusconi,$c1997. 300 $a162 p. ;$c21 cm 490 1 $aTesti a fronte ;$v52 500 $aTesto tedesco a fronte. 504 $aBibliografia: p. [153]-157. 650 4$aLavoro intellettuale.$0(OLS)http://pul/subject/18690 700 1 $aVolonté, Paolo.$0(OLS)http://pul/name/20828 830 0$aTesti a fronte ;$v52.$0(OLS)http://pul/title/7181 850 $aPUL 852 $aPUL$W1$xSL Filosofia 2$y80$mPhil A2 52$j56082$nBK-PRI$b $qStampati altre collocazioni$B56082$CPULBib$Z2$F56082 $H $81 941 1 $a10 996 $6020$a8818702068$9(OLS)http://pul/number/51625 996 $6245$aLa scienza come professione$9(OLS)http://pul/title/55845 996 $6260$aMilano :$bRusconi$9(OLS)http://pul/publisher/47863 LEADER 01193nam a2200265 u 4500 001 000000110211 003 CaOOAMICUS 005 20090325160115.0 008 080229s2007 it u000 u ita u 020 $z978-88-08-07217-7* 040 $aPUL$bita$dLDB 245 00$aImposta sul reddito delle società /$copera diretta da Francesco Tesauro, con la collaborazione di Massimo Basilavecchia ... [et al.]. 260 $aBologna :$bZanichelli,$cc2007. 300 $axxxiii, 1129 p. ;$c25 cm. 490 1 $aStrumenti del diritto ;$v06 504 $aBibliografia in nota. 650 4$aSocietà commerciali$xDiritto.$0(OLS)http://pul/subject/20655 700 1 $aTesauro, Francesco.$0(OLS)http://pul/name/32681 830 0$aStrumenti del diritto ;$v06.$0(OLS)http://pul/title/136502 850 $aPUL 852 $aPUL$W1$xSL Diritto e Scienze Sociali 3$y79$m343. 45 TESFR 1$j126233$qDDC 21$B124959$CPULBib$Z2$F124959 $H106258 $82 941 1 $a9 996 $6020$z978-88-08-07217-7*$9(OLS)http://pul/number/137239 996 $6245$aImposta sul reddito delle società$9(OLS)http://pul/title/138574 996 $6260$aBologna :$bZanichelli$9(OLS)http://pul/publisher/48255